Wichtige Daten 20. Jahrhundert - Statistiken

Allgemein
  • Dieses Quiz wurde 81 mal gespielt
    25 seit der letzten Aktualisierung
  • Das Durchschnittsergebnis liegt bei 23 aus 101
Antwortstatistiken
Jahr Ereignis / Ereignisse % Korrekt
1989 Fall der Berliner Mauer / Tian'anmen Massaker
86%
1945 Ende Zweiter Weltkrieg / Atombombenabwürfe über Japan / Gründung der UNO
79%
1939 Beginn des Zweiten Weltkriegs
71%
1963 Ermordung John F. Kennedys / Erstes Bundesligaspiel
64%
1912 Untergang der Titanic
64%
1914 Beginn Erster Weltkrieg / Fertigstellung Panamakanal
57%
1918 Ende des Ersten Weltkriegs / Spanische Grippe
57%
1949 Gründung von NATO, BRD und DDR
57%
1962 Kubakrise
57%
1969 Mondlandung von Apollo 11
57%
1972 Olympia Attentat in München
57%
1944 D-Day / V2 Rakete erreicht erstmal den Weltraum
50%
1999 Einführung des Euros als Buchgeld
50%
1919 Versailler Vertrag
50%
1929 Weltwirtschaftskrise
50%
1991 Auflösung der Sowjetunion / Öffentlicher Start des www / Jugolslawien zerfällt / Ötzi
43%
1903 Erster Motorflug der Gebrüder Wright
43%
1946 Kalter Krieg beginnt ("Eiserner Vorhang Rede" von Churchill)
43%
1968 Prager Frühling / Ermordung Martin Luther King
43%
1917 Russische Oktoberrevolutuion / USA treten in den Krieg ein
43%
1986 Tschernobyl / Challenger Unglück / Spanien und Portugal treten EWG bei
43%
1938 Anschluss Österreichs an das Deutsche Reich / Reichskristallnacht
36%
1990 Deutsche Wiedervereinigung / Irak überfällt Kuwait
36%
1977 Entführung der Landshut (RAF Terror)
36%
1948 Gründung Israels / Berliner Luftbrücke beginnt
36%
1953 Stalin stirbt / DNA-Doppelhelix wird entdeckt / Ende Koreakrieg
36%
1941 Angriff auf Pearl Harbor / Operation Barbarossa
29%
1947 Indien und Pakistan erhalten Unabhängigkeit / Yeager durchbricht als erster Mensch die Schallmauer
29%
1961 Juri Gagarin - erster Mensch im Weltraum / Mauerbau in Berlin
29%
1973 Ölkrise / Watergate / Irland, Großbritannien und Dänemark treten EWG bei / Ende MKULTRA
29%
1916 Schlacht von Verdun / Schlacht an der Somme
29%
1975 Vietnamkrieg endet
29%
1950 Beginn Koreakrieg
21%
1982 Falklandkrieg
21%
1955 Gründungsjahr des Warschauer Pakts und der Bundeswehr / Vietnamkrieg beginnt
21%
1923 Hitler-Putsch in München
21%
1987 INF-Vertrag
21%
1979 Iranische Revolution / UdSSR marschiert in Afghanistan ein / Tatcher
21%
1992 Maastricht-Vertrag zur Gründung der EU / Ende Apartheid
21%
1932 NSDAP wird stärkste Partei in Deutschland
21%
1935 Nürnberger Rassengesetzte
21%
1908 Produktion des Ford Model T beginnt
21%
1974 Rücktritt Nixon / Zypernkrise
21%
1967 Sechstagekrieg / Weltraumverordnung
21%
1980 Solidarność in Polen / Boykott der Olympischen Spiele / erster Golfkrieg
21%
1960 "Afrikanisches Jahr" - viele Kolonien erlangen Unabhängigkeit
14%
1911 Amundsen erreicht den Südpol / Xinhai Revolution
14%
1940 Blitzkrieg gegen Westeuropa / Luftschlacht um England
14%
1900 Boxeraufstand in China
14%
1965 Erste erfolgreiche Herztransplantation
14%
1930 Erste Fußball WM in Uruguay
14%
1915 Erster Giftgaseinsatz im 1.Weltkrieg
14%
1951 Gründung der EGKS
14%
1922 Gründung der Sowjetunion / Marsch auf Rom
14%
1920 Gründung des Völkerbunds
14%
1933 Hitler wird Reichskanzler
14%
1927 Lindbergh überquert den Atlantik erstmals nonstop mit dem Flugzeug
14%
1925 Paul von Hindenburg wird Reichspräsident / "Mein Kampf" erscheint
14%
1909 Peary ist erster Mensch am Nordpol
14%
1996 Schaf Dolly - erstes geklontes Säugetier / Machtübernahme der Taliban in Afghanistan
14%
1943 Schlacht um Stalingrad / Konferenz von Teheran
14%
1957 Sputnik 1 (UdSSR) / Gründung EWG und EURATOM
14%
1924 Tod Lenins
14%
1964 USA treten in den Vietnamkrieg ein / Civil Rights Act
14%
1952 Wasserstoffbombe getestet (USA) / Erste Linienflüge mit Düsenflugzeug (De Havilland Comet)
14%
1983 Able Archer 83 / Freddy Heineken
7%
2000 Absturz Concorde in Paris
7%
1998 Aufbau der ISS beginnt
7%
1942 Beginn "Manhattan-Project"
7%
1984 Bhopal-Katastrophe in Indien
7%
1978 Camp-David-Abkommen / Erster deutscher Astronaut im All: Sigmund Jähn (DDR)
7%
1976 Concorde startet Linienflüge
7%
1913 Einführung des Fließbands bei Ford / Federal Reserve Act
7%
1905 Einsteins sp. Relativitätstheorie wird veröffentlicht
7%
1902 Erste Klimaanlage der Welt von Willis Carrier
7%
1993 Erste öffentliche Website geht online / Nvidia wird gegründet
7%
1921 Erster Bürgerkrieg in Irland
7%
1981 Erstflug der Raumfähre Columbia / Griechenland tritt EWG bei
7%
1926 Erstverleihung Leninpreis / Gründung der Deutschen Lufthansa
7%
1959 Fidel Castro übernimmt Macht auf Kuba
7%
1928 Fleming entdeckt Penicillin
7%
1985 Gorbatschow wird Generalsekretär der KPdSU
7%
1907 Gründung der Triple Entente
7%
1958 Gründung NASA / Erstflug Boeing 707
7%
1997 Hongkong fällt an China zurück
7%
1971 Intel bringt ersten Mikroprozessor (4004) auf den Markt / Saljut 1 / Goldstandart wird aufgehoben
7%
1910 Japan annektiert Korea
7%
1931 Japan überfällt die Mandschurei
7%
1966 Kulturrevolution in China beginnt
7%
1988 Lockerbrie-Anschlag / Beginn Internet (NSFNet) / BlackRock wird gegründet
7%
1901 Marconi sendet erstes transatlantisches Funksignal
7%
1937 Massaker von Nanking
7%
1994 Nelson Mandela wird Südafrikanischer Präsident
7%
1954 Obninsk geht an den Start
7%
1936 Olympische Spiele in Berlin / Beginn des Bürgerkriegs in Spanien
7%
1904 Russisch-Japanischer Krieg beginnt
7%
1906 San Francisco-Erdbeben
7%
1995 Schengener Abkommen / Finnland, Schweden und Österreich treten EU bei / Giftgasanschlag U-Bahn Japan
7%
1934 Tod von Reischspräsident Hindenburg
7%
1956 Ungarnaufstand / Suez-Krise
7%
1970 Willi Brandts Kniefall in Warschau
7%
Keine übereinstimmenden Quizze gefunden
Verteilung der Resultate
Anzahl Personen mit jedem Resultat
Perzentil nach korrekt beantworteten Fragen
Ihre Resultats-Entwicklung
Sie haben dieses Quiz seit der letzten Aktualisierung nicht gespielt